| 000 | 00517nam a2200181Ia 4500 | ||
|---|---|---|---|
| 003 | GCL | ||
| 008 | 140319s9999 xx 000 0 ara d | ||
| 040 |
_aGCL / _cGCL |
||
| 082 | 0 | 4 |
_a813.01 _bم ا |
| 100 | 1 | _aمصطفى كامل مراد | |
| 245 | 1 | 0 |
_aاجازة ميدان / _cمصطفى كامل مراد |
| 260 |
_a[S.N] : _bدار المستقبل العربى ، _c1989 |
||
| 300 | _a122 ص | ||
| 490 | _a | ||
| 650 | 0 | 4 | _aالادب العربى |
| 650 | 0 | 4 | _aالقصة العربية |
| 942 |
_2ddc _cBK |
||
| 999 |
_c54673 _d54673 |
||